000 01511nam a22002177a 4500
003 NALT
005 20240724233219.0
008 s2547 th tha d
040 _aNALT
041 _atha
050 _aLC215
_bก173ก 2547
100 0 _aกรรณิการ์ ไชยลังกา
_954797
245 1 0 _aการขยายผลการวิจัยเพื่อสร้างเครือข่ายการนำภูมิปัญญาท้องถิ่นไปพัฒนาเยาวชน (กรณีการนำประสบการณ์ของโรงเรียนบ้านร่องจว้าและทุ่งหลวง อำเภอดอกคำใต้ จังหวัดพะเยา ไปเผยแพร่แก่โรงเรียนและชุมชนอื่น)
_cกรรณิการ์ ไชยลังกา และคณะ
260 3 _aกรุงเทพฯ :
_bสำนักงานกองทุนสนับสนุนการวิจัย,
_c2547
300 _a1 เล่ม :
_bภาพประกอบ, ตาราง ;
_c29 ซม.
650 0 4 _aภูมิปัญญาท้องถิ่นกับการศึกษา -- วิจัย
650 0 4 _aชุมชนกับโรงเรียน -- วิจัย
850 _aNALT
942 _cRSH
_2lcc
999 _c43832
_d43832
998 _j109
_k อารีรัตน์ วิชาช่าง